00764nam a2200217Ia 4500003000900000008004100009020002200050040001600072080001700088100003200105245011300137260003200250300001000282650002400292650002200316650003200338650001700370942000700387999001700394952013500411IN-BaIIA211028s9999 xx 000 0 eng d a978-0-393-06224-3 cIIA Library a524.882bTYS aTyson, Neil DeGrasse929709 0aDeath by black holeband other cosmic quandariescNeil DeGrasse Tyson  aNew YorkbW. W Nortonc2007 a384p. aAstrobiology925948 aBlack holes97728 aReligion and science930628 aSolar system cBK c17028d17028 00104070aBANbBANcGENd2008-08-27eVBPL g1127.74l0o524.882/ TYSp17950r2021-11-05v1127.74w2008-08-27yBKGRs. 1127.74